000 00263nam a2200109Ia 4500
008 190216s9999||||xx |||||||||||||| ||und||
100 _aSudhir Mukerjee
245 0 _aPrinciples Of Public Finance
260 _bCentral Book Depot
650 _aEconomics
942 _cBK
999 _c9233
_d9233